000 00625nam a2200229Ia 4500
003 OSt
005 20221007072420.0
006 a|||||r|||| 00| 0
007 ta
008 221006b |||||||| |||| 00| 0 eng d
024 _a17,888
037 _cTextual
040 _aFLL
_cFLL
_beng
041 _2eng
_aeng
082 _aY179X.5:Z, K2
100 _aBebr G. Au.
_9690611
245 0 _aJudicial control of the european communities
260 _aLondon
_bStevens and sons limited England
_c1962
300 _a268p
_ccm.
942 _hY179X.5:Z, K2
_cTEXL
_2CC
999 _c1146008
_d1146008